COMPARING AND EVALUATION THE EFFICACY OF FULL MOUTH OCCLUSAL SPLINT AND NOCICEPTIVE TRIGEMINAL TENSION SUPPRESSION SYSTEM (NTI-TSS) IN TEMPOROMANDIBULAR DISORDER PATIENTS VIA ELECTROMYOGRAPHY MASTICATORY MUSCLES AND MAGNETIC RESONANCE IMAGING FINDINGS (Record no. 17128)

MARC details
000 -LEADER
fixed length control field 00532nam a22001337a 4500
003 - CONTROL NUMBER IDENTIFIER
control field SGT
082 ## - DEWEY DECIMAL CLASSIFICATION NUMBER
Classification number 617.692
Item number C14G
100 ## - MAIN ENTRY--PERSONAL NAME
Personal name DIPTI, GOYAL
245 ## - TITLE STATEMENT
Title COMPARING AND EVALUATION THE EFFICACY OF FULL MOUTH OCCLUSAL SPLINT AND NOCICEPTIVE TRIGEMINAL TENSION SUPPRESSION SYSTEM (NTI-TSS) IN TEMPOROMANDIBULAR DISORDER PATIENTS VIA ELECTROMYOGRAPHY MASTICATORY MUSCLES AND MAGNETIC RESONANCE IMAGING FINDINGS
260 ## - PUBLICATION, DISTRIBUTION, ETC. (IMPRINT)
Place of publication, distribution, etc DELHI NCR
Name of publisher, distributor, etc SGT UNIVERSITY GURUGRAM
Year of Publication 2014
300 ## - PAGE DESCRIPTION
No. of Pages 1-82
650 ## - SUBJECT ADDED ENTRY--TOPICAL TERM
Topical term or geographic name as entry element PROSTHODONTICS
942 ## - ADDED ENTRY ELEMENTS (KOHA)
Source of classification or shelving scheme Dewey Decimal Classification
Koha item type Thesis/Dissertation
Holdings
Withdrawn status Lost status Source of classification or shelving scheme Damaged status Not for loan Home library Current library Shelving location Date acquired Vendor Name SGTU Total Checkouts Full call number Accession No. (Barcode) Date last seen Bill Date Koha item type
    Dewey Decimal Classification     SGT Dental Library SGT Dental Library Reference Book 19/03/2019 PERFECT BOOK BINDING HOUSE NEW DELHI SGTU   617.692 C14G DT286 19/03/2019 19/03/2019 Thesis/Dissertation
    Dewey Decimal Classification     SGT Dental Library SGT Dental Library Reference Book 11/05/2021   SGTU   617.692 C14G DT1227 11/05/2021 11/05/2021 Thesis/Dissertation